[Event "Asia Cities-ch 18th"]
[Site "Tagaytay City"]
[Date "2013.10.25"]
[Round "8.3"]
[White "Ganbold, Choidog"]
[Black "Zayed, Ali Al Hamed"]
[Result "0-1"]
[WhiteElo "2171"]
[BlackElo "1949"]
[PlyCount "52"]
[EventDate "2013.10.20"]
[EventType "team-swiss"]
[EventRounds "9"]
[EventCountry "PHI"]
[SourceTitle "EXT 2014"]
[Source "ChessBase"]
[SourceDate "2013.11.20"]
[SourceVersion "1"]
[SourceVersionDate "2013.11.20"]
[SourceQuality "1"]
[WhiteTeam "Erdenet"]
[BlackTeam "Abu Dhabi"]
[WhiteTeamCountry "MGL"]
[BlackTeamCountry "UAE"]

1. d4 Nf6 2. c4 c5 3. e3 cxd4 4. exd4 d5 5. Nc3 e6 6. c5 b6 7. cxb6 Qxb6 8. Nf3 Be7 9. Be2 0-0 10. 0-0 Ba6 11. Bxa6 Qxa6 12. a3 Nc6 13. Bf4 Ne4 14. Na4 Qb5 15. Rb1 Na5 16. Ne5 Nb3 17. Nc3 Qb7 18. Re1 Rfd8 19. Re3 Ned2 20. Rh3 Nxb1 21. Qh5 Bf6 22. Qxh7+ Kf8 23. Qxb1 Nxd4 24. Ng4 Rac8 25. Be5 Rxc3 26. Bxd4 Bxd4 0-1

[Event "Asia Cities-ch 18th"]
[Site "Tagaytay City"]
[Date "2013.10.24"]
[Round "7.3"]
[White "Alahakoon, Isuru"]
[Black "Zayed, Ali Al Hamed"]
[Result "1-0"]
[WhiteElo "2052"]
[BlackElo "1949"]
[PlyCount "101"]
[EventDate "2013.10.20"]
[EventType "team-swiss"]
[EventRounds "9"]
[EventCountry "PHI"]
[SourceTitle "EXT 2014"]
[Source "ChessBase"]
[SourceDate "2013.11.20"]
[SourceVersion "1"]
[SourceVersionDate "2013.11.20"]
[SourceQuality "1"]
[WhiteTeam "Colombo"]
[BlackTeam "Abu Dhabi"]
[WhiteTeamCountry "SRI"]
[BlackTeamCountry "UAE"]

1. e4 d5 2. exd5 Qxd5 3. Nc3 Qd6 4. d4 Nf6 5. Nf3 Bg4 6. h3 Bh5 7. g4 Bg6 8. Ne5 Nbd7 9. Nb5 Qb6 10. Nc4 Qe6+ 11. Be3 0-0-0 12. Qd2 a6 13. a4 axb5 14. axb5 Nd5 15. Ra8+ Nb8 16. Qa5 Nb6 17. Nxb6+ Qxb6 18. Qa4 e5 19. Bg2 exd4 20. Bd2 Re8+ 21. Kd1 d3 22. c4 Qxf2 23. b6 Qe2+ 24. Kc1 Bd6 25. Rxb8+ Kxb8 26. Qa7+ Kc8 27. Qxb7+ Kd8 28. bxc7+ Bxc7 29. Qd5+ Kc8 30. Qa8+ Kd7 31. Qa4+ Kd8 32. Qa8+ Kd7 33. Qc6+ Kd8 34. Qd5+ Kc8 35. Re1 Qxe1+ 36. Bxe1 Rxe1+ 37. Kd2 Re2+ 38. Kd1 Rxb2 39. Qa8+ Rb8 40. Qa6+ Kd8 41. Bc6 Bf4 42. Qa5+ Kc8 43. Qa6+ Kd8 44. Qa5+ Ke7 45. Qc5+ Kf6 46. Qd4+ Kg5 47. Qc5+ Kh6 48. Bb5 Ra8 49. Qd4 Bg5 50. h4 Bf6 51. Qf4+ 1-0

[Event "Asia Cities-ch 18th"]
[Site "Tagaytay City"]
[Date "2013.10.22"]
[Round "4.3"]
[White "Zayed, Ali Al Hamed"]
[Black "Al Khateeb, Taher"]
[Result "0-1"]
[WhiteElo "1949"]
[BlackElo "1984"]
[PlyCount "136"]
[EventDate "2013.10.20"]
[EventType "team-swiss"]
[EventRounds "9"]
[EventCountry "PHI"]
[SourceTitle "EXT 2014"]
[Source "ChessBase"]
[SourceDate "2013.11.20"]
[SourceVersion "1"]
[SourceVersionDate "2013.11.20"]
[SourceQuality "1"]
[WhiteTeam "Abu Dhabi"]
[BlackTeam "Kuwait"]
[WhiteTeamCountry "UAE"]
[BlackTeamCountry "KUW"]

1. e4 c5 2. Nf3 Nc6 3. d4 cxd4 4. Nxd4 g6 5. Nc3 Bg7 6. Be3 Nf6 7. Bc4 0-0 8. Bb3 a5 9. f3 d5 10. exd5 Nb4 11. Nde2 a4 12. Nxa4 Nfxd5 13. Bd4 Bxd4 14. Qxd4 e5 15. Qf2 Rxa4 16. Bxa4 Qa5 17. Nc3 Nxc3 18. bxc3 Nd5 19. Qd2 Rd8 20. 0-0 Qxa4 21. Rfe1 f6 22. Re4 Qd7 23. Rd1 Nf4 24. Qxd7 Rxd7 25. Rxd7 Bxd7 26. Rb4 Bc6 27. Kf2 Kf7 28. a4 Ke6 29. a5 Nd5 30. Rb3 Nc7 31. Ke3 Na6 32. Rb1 f5 33. h4 Nc7 34. c4 f4+ 35. Kd3 h5 36. Re1 Na6 37. Kc3 Kf5 38. Re2 Nc5 39. Kb4 Na6+ 40. Kc3 e4 41. fxe4+ Bxe4 42. Kd4 Bc6 43. Re5+ Kf6 44. Rg5 Nc7 45. Kd3 Ne6 46. Rb5 Bxg2 47. c5 Bc6 48. Rb6 Nxc5+ 49. Kd4 Na6 50. Kd3 Kf5 51. Rb1 g5 52. hxg5 Kxg5 53. Ke2 h4 54. Rg1+ Kf5 55. Rg8 h3 56. Rh8 Bg2 57. Kf2 Kg4 58. Rg8+ Kf5 59. Rf8+ Ke5 60. Re8+ Kd5 61. Rf8 f3 62. Kg3 Nc5 63. Rf5+ Kc6 64. Rf4 Kd5 65. Rf5+ Kd4 66. c3+ Kc4 67. Rf4+ Kd3 68. Rd4+ Ke3 0-1

[Event "UAE President Cup"]
[Site "Abu Dhabi"]
[Date "2012.07.02"]
[Round "6"]
[White "Zayed, Ali Al Hamed"]
[Black "Khouri, Ibrahim Mohamed"]
[Result "0-1"]
[WhiteElo "1982"]
[BlackElo "2222"]
[PlyCount "88"]
[EventDate "2012.06.28"]
[EventType "swiss"]
[EventRounds "9"]
[EventCountry "UAE"]
[SourceTitle "CBM 149 Extra"]
[Source "ChessBase"]
[SourceDate "2012.08.24"]
[SourceVersion "1"]
[SourceVersionDate "2012.08.24"]
[SourceQuality "1"]

1. Nf3 Nf6 2. g3 d5 3. Bg2 Bg4 4. 0-0 Nbd7 5. d4 e6 6. c4 c6 7. b3 Be7 8. Bb2 0-0 9. Nbd2 a5 10. a3 b5 11. a4 bxc4 12. bxc4 Rb8 13. Ba3 Bxa3 14. Rxa3 Rb4 15. Ne1 Qb6 16. cxd5 cxd5 17. Ndf3 Rb1 18. Qc2 Rb2 19. Qd1 Rb1 20. Qc2 Rb2 21. Qd1 Rb8 22. Nd3 Rb1 23. Qxb1 Qxb1 24. Rxb1 Rxb1+ 25. Bf1 Ne4 26. Kg2 Nb6 27. Nfe5 Bf5 28. g4 Bg6 29. Nxg6 hxg6 30. Ra2 Nc4 31. e3 Nc3 32. Rc2 Nxa4 33. Ra2 Nc3 34. Rc2 Nd1 35. Kg3 Ndxe3 36. fxe3 Rxf1 37. Ra2 Rb1 38. Ne5 Nxe5 39. dxe5 Rb5 40. Ra4 Kf8 41. h4 Ke7 42. Kf3 f6 43. exf6+ gxf6 44. Ra2 Kf7 0-1

[Event "UAE President Cup"]
[Site "Abu Dhabi"]
[Date "2012.06.29"]
[Round "2"]
[White "Zayed, Ali Al Hamed"]
[Black "Al Huwar, Jasem"]
[Result "1-0"]
[WhiteElo "1982"]
[BlackElo "2270"]
[PlyCount "51"]
[EventDate "2012.06.28"]
[EventType "swiss"]
[EventRounds "9"]
[EventCountry "UAE"]
[SourceTitle "CBM 149 Extra"]
[Source "ChessBase"]
[SourceDate "2012.08.24"]
[SourceVersion "1"]
[SourceVersionDate "2012.08.24"]
[SourceQuality "1"]

1. e4 g6 2. d4 Bg7 3. Nc3 d6 4. Be3 a6 5. Qd2 Nd7 6. Nf3 b5 7. Bd3 Bb7 8. a4 b4 9. Ne2 c5 10. c3 bxc3 11. bxc3 Ngf6 12. e5 Nd5 13. Bh6 0-0 14. h4 cxd4 15. cxd4 dxe5 16. h5 Nf4 17. hxg6 Bxh6 18. Rxh6 Nxd3+ 19. Qxd3 e4 20. Qe3 exf3 21. Rxh7 Qa5+ 22. Kf1 fxe2+ 23. Kxe2 Nf6 24. Rh8+ Kxh8 25. Qh6+ Kg8 26. Rh1 1-0